| 000 | 00817nam a2200229 a 4500 | ||
|---|---|---|---|
| 005 | 20240224063806.0 | ||
| 008 | 991125s1982 mx 000 0 spa u | ||
| 020 | _a9688006149 | ||
| 035 | _aUPN01000006457 | ||
| 049 | _aSEP | ||
| 050 | 4 |
_aLC2631 _bE7 no.37 |
|
| 100 | 1 | _aArellano Tuz, Santiago | |
| 245 | 1 | 3 |
_aEl campesino maya y su economía a partir de la comunidad de Yalcoba, Yuc. / _cSantiago Arellano Tuz. |
| 260 |
_aMéxico : _bINI : _bSEP, _c1982 |
||
| 300 | _a135 p. | ||
| 440 | 0 |
_aEtnolinguística ; _v37 |
|
| 500 | _aA la cabeza de la portada: Programa de Formación Profesional de Etnolingüística. SEP. INI. CIESAS | ||
| 500 | _aTrabajo presentado originalmente como tesis | ||
| 650 | 4 |
_aIndígenas de México _xEducación _910 |
|
| 650 | 4 |
_aMayas _xVida social y costumbres _912451 |
|
| 905 | _aLibro | ||
| 999 |
_c6457 _d6457 |
||